000 00502nam a2200181Ia 4500
008 210719s1997 xx 000 0 und d
041 _aeng
082 _a820.33 RAOP
100 _aRAO (G V Krishna)
245 _aPuppets Tr by D Kesava Rao
260 _aChennai
_bMacmillan India Ltd.
_c1997
300 _av---231
_bPB
365 _b144
_cRs
650 _aIndian English Fiction
650 _aIndian English Literature
700 _aD Kesava Rao
906 _aby ; D ; Kesava ; Puppets ; Rao ; Tr
999 _c214915
_d214915